000 01199naa a22002897a 4500
001 BR9404173
003 BR-BrBNA
005 20240918181225.0
007 ta
008 230509b bl.||||| |||| 00| 0 por d
040 _aBR-BrBNA
_bpor
_cBiblioteca Nacional de Agricultura
041 _a(Es)
072 _aH10
_b3140
_b4020
090 _aH10 BR9404173
100 1 _aGrez, O.R.
111 1 _aConferencia Regional da Vespa da Madeira, Sirex noctilio, na America do Sul
_c23-27 Nov 1992
_dFlorianopolis, SC (Brazil)
245 1 _aLa avispa de la madera Sirex noctlio en Chile: Panorama, general de su eventual introduccion, acciones realizadas y mecanismos para hacerle frente
260 3 _aColombo, PR (Brasil):
_c1993.
500 _aAnais da Conferencia Regional da Vespa da Madeira, Sirex noctilio, na America do Sul Colombo, PR (Brasil): 1993. 35-43 (BR9404173-AM)H10
650 _aPinheiro
650 _aVespa-da-Madeira
650 _aErradicacao
650 _aChile
773 0 _tAnais da Conferencia Regional da Vespa da Madeira, Sirex noctilio, na America do Sul
_wH10 BR9404173
_gColombo, PR (Brasil), 1993. 35-43
909 _a202404
_bLucia
_c55
_dLucia Elande
942 _cAM
_2AGRIS
999 _c324203
_d324203